Psalterium paraphrasibus illustratum, servata ubique ad verbum Hieronymi translatione Raynerio Snoy goudano autore. Magni Athanasii opusculum in Psalmos

Detalles Bibliográficos
Autor principal: Snoy, Reinier, ca. 1477-1537
Otros Autores: Verard, Dominique, ed
Formato: Libro
Lenguaje:Latin
Publicado: Lugduni : apud Dominicum Veraarduum, 1545.
Materias:
Colección:Banco de datos
Acervo:Universidad Autónoma Benito Juárez de Oaxaca. Biblioteca Francisco de Burgoa. Colección antigua
Descripción Física:505 p. ; 8°
Tema general:Biblia
Notas:Portada tipográfica con escudo del impresor en grabado xilográfico. Texto a renglón seguido con paginación en números arábigos, apostillas marginales, reclamos y signaturas. Incluye capitular con motivos florales en grabado xilográfico. Error tipográfico de las p. 481-505. Encuadernación en pergamino. Marca de fuego: Convento de Santo Domingo de Oaxaca, Oax. Daños por humedad
LEADER 01345nam a22002170004500
035 |a 173 
041 0 |a lat 
100 1 |a Snoy, Reinier, ca. 1477-1537 
245 1 0 |a Psalterium paraphrasibus illustratum, servata ubique ad verbum Hieronymi translatione Raynerio Snoy goudano autore. Magni Athanasii opusculum in Psalmos 
260 |a Lugduni : apud Dominicum Veraarduum, 1545. 
300 |a 505 p. ; 8° 
500 |a Portada tipográfica con escudo del impresor en grabado xilográfico. Texto a renglón seguido con paginación en números arábigos, apostillas marginales, reclamos y signaturas. Incluye capitular con motivos florales en grabado xilográfico. Error tipográfico de las p. 481-505. Encuadernación en pergamino. Marca de fuego: Convento de Santo Domingo de Oaxaca, Oax. Daños por humedad 
504 |a Al principio de la obra está el catálogo de autores 
504 |a Al final de la obra está el catálogo de Psalmos 
600 1 4 |a Athanasius, santo, Patriarca de Alejandría. Opusculum in Psalmos 
650 1 0 |a Biblia 
700 1 |a Verard, Dominique, ed. 
852 |a Universidad Autónoma "Benito Juárez" de Oaxaca, Biblioteca Francisco de Burgoa, Colección antigua 876 
942 |c BURANT 
943 |g Universidad Autónoma Benito Juárez de Oaxaca. Biblioteca Francisco de Burgoa. Colección antigua 
999 |c 1111184  |d 1111184